Cities Along the Columbia River Gorge - Statistics

General Stats
  • This quiz has been taken 8 times
  • The average score is 7 of 19
Answer Stats
State Pop. City % Correct
OR 16,010 The Dalles
100%
OR 8,313 Hood River
88%
OR 1,379 Cascade Locks
63%
WA 2,485 White Salmon
63%
OR 5 Biggs Junction
38%
OR 468 Mosier
38%
WA 1,491 Stevenson
38%
OR 628 Arlington
25%
WA 778 Bingen
25%
WA 2,323 Carson
25%
OR 1,975 Chenoweth
25%
WA 1,328 Dallesport
25%
WA 1,397 North Bonneville
25%
WA 152 Roosevelt
25%
OR 268 Rufus
25%
WA 366 Wishram
25%
WA 518 Lyle
13%
WA 55 Maryhill
13%
OR 192 Rowena
13%
No matching quizzes found
Score Distribution
Percent of People with Each Score
Percentile by Number Answered
Your Score History
You have not taken this quiz